00430nam a2200169Ia 4500003000400000008004100004040001600045082001700061100002200078245005400100260003600154300000900190650001300199650001200212650001900224650001700243GCL140319s9999 xx 000 0 eng d aGCL / cGCL04aCHb002bM L1 aMASURO, TSUJIMURO10aLE LIVRE 500 ANS D'HISTOIRE / cMASURO, TSUJIMURO a[S.N] : bCIRCONFLEXE ، c1989 a40 P04aCHILDREN04aHISTORY04aHISTORY - BOOK04aARTS - BOOKS